[Event "World Junior U20 Girls 2018"]
[Site "Gebze"]
[Date "2018.09.07"]
[Round "4"]
[White "Zhu, Jiner"]
[Black "Ozbay, Ece"]
[Result "1/2-1/2"]
[WhiteElo "2364"]
[BlackElo "2114"]
[Annotator "NA"]
[PlyCount "67"]
[EventDate "2018.09.05"]
[EventType "swiss"]
[EventCountry "TUR"]
[SourceTitle "playchess.com"]
[Source "ChessBase"]
[SourceQuality "1"]
[TimeControl "40/5400+30:1800+30"]

1. e4 {[%emt 0:00:30]} c5 {[%emt 0:00:30]} 2. Nf3 {[%emt 0:00:00]} e6 {[%emt 0:00:30]} 3. d4 {[%emt 0:00:00]} cxd4 {[%emt 0:00:30]} 4. Nxd4 {[%emt 0:00:30]} Nc6 {[%emt 0:00:00]} 5. Nc3 {[%emt 0:00:00]} Qc7 {[%emt 0:00:00]} 6. Be3 {[%emt 0:00:00]} a6 {[%emt 0:00:00]} 7. a3 {[%emt 0:00:00]} Nf6 {[%emt 0:00:00]} 8. g4 {[%emt 0:00:00] B48: Sizilianisch (Paulsen-Variante)} (8. f4 d6 9. Qf3 Nxd4 10. Bxd4 b5 11. Bd3 Bb7 12. Bxf6 gxf6 13. f5 Be7 14. O-O Qc5+ 15. Kh1 h5 16. fxe6 fxe6 17. a4 {1-0 (32) Grischuk,A (2783)-Cori Tello,J (2641) Tbilisi 2017}) 8... h6 {[%emt 0:02:30]} 9. Be2 {[%emt 0:01:30]} Be7 {[%emt 0:01:30]} 10. Qd2 {[%emt 0:00:30]} Ne5 $146 {[%emt 0:02:30]} ({Vorgänger:} 10... b5 11. f3 Bb7 12. h4 Ne5 13. Rg1 Nc4 14. Bxc4 Qxc4 15. Nb3 a5 16. Qd3 Qxd3 17. cxd3 {½-½ (55) Vydeslaver,A (2480)-Tunik,G (2475) Beersheba 1996}) 11. Rg1 {[%emt 0:02:30]} b5 {[%emt 0:02:30]} 12. f4 {[%emt 0:07:30]} Nc4 {[%emt 0:01:30]} 13. Bxc4 {[%emt 0:00:00]} Qxc4 {[%emt 0:00:30]} 14. e5 {[%emt 0:08:00]} Nd5 {[%emt 0:01:30]} 15. Nxd5 {[%emt 0:00:30]} Qxd5 {[%emt 0:01:30]} 16. O-O-O {[%emt 0:00:00]} Bb7 {[%emt 0:00:30]} 17. Kb1 {[%emt 0:02:00]} Rc8 {[%emt 0:05:30]} 18. Nf5 {[%emt 0:07:30]} g6 {[%emt 0:03:30]} 19. Qc1 {[%emt 0:05:30]} Qc4 {[%emt 0:05:30]} 20. Rd4 $16 {[%emt 0:02:30]} Qe2 {[%emt 0:02:30]} 21. Nxe7 {[%emt 0:06:30]} Kxe7 {[%emt 0:00:30]} 22. Rd2 {[%emt 0:09:30]} Qc4 {[%emt 0:01:30]} 23. Rd4 {[%emt 0:06:30]} Qe2 {[%emt 0:04:30]} 24. Rgd1 {[%emt 0:00:30]} Bd5 {[%emt 0:02:30]} 25. f5 {[%emt 0:03:30]} Rc4 {[%emt 0:05:30]} 26. b3 {[%emt 0:08:30]} Rc3 {[%emt 0:02:30]} 27. Bd2 {[%emt 0:01:30]} Rc6 {[%emt 0:02:30]} 28. Ba5 {[%emt 0:10:48]} Rhc8 {[%emt 0:06:30]} 29. f6+ {[%emt 0:02:44]} Ke8 {[%emt 0:00:30]} 30. c4 {[%emt 0:02:58]} g5 {[%emt 0:04:30]} 31. Qd2 {[%emt 0:05:49]} Qxd2 {[%emt 0:02:30]} 32. R1xd2 {[%emt 0:00:00]} bxc4 {[%emt 0:00:30]} 33. bxc4 {[%emt 0:00:08]} Rxc4 {[%emt 0:00:30]} 34. Rxc4 {[%emt 0:00:30]} 1/2-1/2

[Event "World Junior U20 Girls 2018"]
[Site "Gebze"]
[Date "2018.09.07"]
[Round "4"]
[White "Hojjatova, Aydan"]
[Black "Salah, Nadezhda"]
[Result "1-0"]
[WhiteElo "2356"]
[BlackElo "1918"]
[Annotator "NA"]
[PlyCount "53"]
[EventDate "2018.09.05"]
[EventType "swiss"]
[EventCountry "TUR"]
[SourceTitle "playchess.com"]
[Source "ChessBase"]
[SourceQuality "1"]
[TimeControl "40/5400+30:1800+30"]

1. b4 {[%emt 0:00:30]} e5 {[%emt 0:01:30]} 2. Bb2 {[%emt 0:00:30]} Bxb4 {[%emt 0:00:30]} 3. Bxe5 {[%emt 0:00:30]} Nf6 {[%emt 0:00:00]} 4. Nf3 {[%emt 0:00:00]} d5 {[%emt 0:04:00]} 5. e3 {[%emt 0:00:00]} O-O {[%emt 0:02:30]} 6. c4 {[%emt 0:03:30]} c5 {[%emt 0:02:30]} 7. a3 {[%emt 0:05:30]} Ba5 {[%emt 0:00:30]} 8. cxd5 {[%emt 0:01:30]} Nxd5 {[%emt 0:00:30]} 9. Be2 {[%emt 0:03:30]} Nc6 {[%emt 0:00:30]} 10. Bb2 {[%emt 0:00:00]} Bg4 {[%emt 0:11:30]} 11. O-O {[%emt 0:01:00]} Qe7 {[%emt 0:06:30]} 12. Qa4 {[%emt 0:13:30]} Bh5 {[%emt 0:13:30]} 13. Rc1 {[%emt 0:01:30]} Bb6 {[%emt 0:11:30]} 14. Nc3 {[%emt 0:05:30]} Nxc3 {[%emt 0:02:30]} 15. Bxc3 {[%emt 0:00:30]} Bc7 $11 {[%emt 0:03:30]} 16. Rab1 {[%emt 0:08:30]} Rab8 {[%emt 0:04:30]} 17. Re1 {[%emt 0:06:30]} Qd6 {[%emt 0:10:30]} 18. Qh4 {[%emt 0:03:30]} Bg6 {[%emt 0:01:30]} 19. Rbc1 {[%emt 0:01:30]} b5 {[%emt 0:02:08]} 20. d4 {[%emt 0:00:30]} c4 {[%emt 0:02:30]} 21. Bb2 {[%emt 0:07:30]} Rfe8 {[%emt 0:03:30]} 22. Red1 {[%emt 0:02:30]} Ne7 {[%emt 0:02:51]} 23. Ne5 {[%emt 0:05:30]} f5 {[%emt 0:02:53]} 24. d5 {[%emt 0:05:30]} Ba5 {[%emt 0:01:36]} 25. Qd4 {[%emt 0:01:30]} Bb6 {[%emt 0:00:29]} 26. Qc3 {[%emt 0:01:30]} Bc7 {[%emt 0:04:47]} 27. Ng4 {[%emt 0:00:30]} 1-0

[Event "World Junior U20 Girls 2018"]
[Site "Gebze"]
[Date "2018.09.07"]
[Round "4"]
[White "Dordzhieva, Dinara"]
[Black "Li, Xinyu"]
[Result "1-0"]
[WhiteElo "2318"]
[BlackElo "2086"]
[Annotator "TA"]
[PlyCount "163"]
[EventDate "2018.09.05"]
[EventType "swiss"]
[EventCountry "TUR"]
[SourceTitle "playchess.com"]
[Source "ChessBase"]
[SourceQuality "1"]

{[%evp 26,163,32,33,40,27,43,45,36,32,56,35,47,42,116,86,115,108,122,107,137,96,141,121,165,95,144,90,90,90,90,95,96,90,95,85,95,93,92,95,118,116,128,79,141,57,98,57,57,57,102,75,123,57,57,12,57,57,57,49,57,57,57,49,56,56,56,43,57,18,57,57,57,57,58,58,58,57,57,0,60,56,60,56,59,0,59,56,58,55,58,50,52,45,52,44,60,33,60,52,59,36,60,42,65,60,60,29,61,53,72,43,43,30,34,27,62,43,106,46,117,110,309,225,452,354,570,254,485,0,395,141,754,750,29993,29994,29997,29998,29998,29999]} 1. c4 e6 2. Nf3 d5 3. g3 Nf6 4. Bg2 Be7 5. O-O O-O 6. d4 c6 7. Qc2 Nbd7 8. Rd1 b6 9. Nbd2 Bb7 10. e4 dxe4 11. Nxe4 Nxe4 12. Qxe4 Nf6 13. Qc2 Qc8 14. c5 {LiveBook: 37 Partien. E09: Katalanisch} h6 15. Bd2 Nd5 {[#]} 16. Rac1 $146 {Weiß steht etwas besser.} ({Vorgänger:} 16. b4 b5 17. Ne5 Qc7 18. Qe4 Rad8 19. Be1 f5 20. Qe2 Bf6 21. a4 a6 {1-0 (37) Mastrovasilis,A (2503)-Kalaitzoglou,P (2199) Kallithea 2009}) 16... Bf6 17. Ne5 Qc7 18. Qe4 Bxe5 19. dxe5 a5 ({Günstiger ist} 19... Rfd8 $14) 20. Be3 bxc5 21. Bxc5 {Droht Ld6 und aus.} Rfe8 22. Qe1 a4 23. Be4 g6 24. Bb1 Kg7 25. Qe4 (25. Rd4 $18) 25... h5 26. Qf3 (26. Rd4 $142) 26... Ba6 $16 27. h4 Qb7 28. Rd2 Bb5 29. Be4 Rac8 30. Rdc2 Qd7 31. Bd6 Kg8 32. g4 Qd8 33. Qg3 $1 {Und gxh5 würde nun gewinnen.} Kh8 34. Kh2 {zielt auf Lxd5 ab.} Rg8 (34... hxg4 $142 35. Rh1 Rg8) 35. Rh1 (35. f3 $1 $16) 35... Ra8 36. Kg2 Qd7 37. Bc5 Rac8 38. Rd2 Qc7 39. Rhd1 (39. Be3 $1 $16) 39... Rg7 $14 40. Kh1 Rh7 41. g5 Rg7 42. Qf3 Qd7 43. Bc2 Ra8 44. Qe4 Qb7 45. Kg1 Rgg8 46. Rd4 Ra5 47. Qf3 Ra6 48. Rc1 Qd7 49. Be4 Rc8 50. Qd1 Kg8 51. Qc2 Kg7 52. Qd1 Kg8 53. Bc2 Rca8 54. Qf3 Rc8 55. Be4 (55. Qe4 $14) 55... Re8 (55... Kh8 $1 $11) 56. Bd6 Ra7 57. Rd2 Ra6 58. Rdc2 Ra7 59. Kh2 Ra6 60. Qg3 Ra7 61. Qh3 Kg7 62. Qf3 Kg8 63. Qd1 Ra6 64. Qd2 Kg7 65. Rg1 {[%cal Bc1g1,Bg1g3,Bg3f3,Bf3f6][%mdl 32]} Raa8 66. Rg3 Ra7 67. Qd4 Kg8 68. Rf3 Ra6 69. Qd2 Raa8 70. Rc1 Ra6 71. Rg1 Raa8 ({Lieber} 71... c5 $14) 72. Rgg3 (72. Rf6 $1 $16) 72... Ra7 (72... Red8 $14) 73. Rf6 $1 $16 Qc8 $2 (73... Kh8 $16) 74. Rgf3 Rd7 $2 (74... c5 75. Bxd5 exd5) 75. Qc2 Qd8 $2 {[#]} (75... Nxf6 76. gxf6 Kh7 77. Bxg6+ $1 {[%mdl 512]} fxg6 78. f7 $16) (75... Ne7 76. Rxf7 Nf5) 76. Kg1 (76. Bxg6 $142 $1 {[%mdl 512]} Nxf6 (76... fxg6 77. Rxg6+) 77. gxf6) 76... Rb7 $2 ({Minderwertig wäre} 76... Nxf6 77. gxf6 Kh7 78. Rg3 $14) (76... c5 {ist wohl besser.} 77. Bxg6 (77. Qxc5 Qb6 $16) 77... Nxf6) 77. Kh2 Rd7 $1 {[#]} ({Jedoch nicht} 77... Nxf6 $2 78. gxf6 a3 79. bxa3 $18 (79. Rxa3 Qb6 $18)) 78. Kh1 $2 (78. Bxg6 $1 $18 {[%mdl 512] ist der präzise Gewinnweg.} Nxf6 (78... fxg6 79. Rxg6+) 79. gxf6) 78... Rb7 $2 {[%mdl 8192] [#]} (78... c5 $16) 79. Bxg6 $1 $18 fxg6 80. Rxg6+ {Weiß setzt Matt.} Rg7 81. Rxg7+ Kxg7 {[#]} 82. Rf7+ $1 {[%mdl 512] Precision: Weiß = 32%, Schwarz = 30%.} 1-0

[Event "World Junior U20 Girls 2018"]
[Site "Gebze"]
[Date "2018.09.07"]
[Round "4"]
[White "Khomeriki, Nino"]
[Black "Nurgali, Nazerke"]
[Result "1-0"]
[WhiteElo "2313"]
[BlackElo "2080"]
[Annotator "TA"]
[PlyCount "63"]
[EventDate "2018.09.05"]
[EventType "swiss"]
[EventCountry "TUR"]
[SourceTitle "playchess.com"]
[Source "ChessBase"]
[SourceQuality "1"]

{[%evp 21,63,0,3,12,37,38,60,40,62,52,152,149,169,182,197,181,197,187,170,106,217,168,237,222,230,232,234,227,323,292,302,312,284,291,368,361,799,784,820,816,780,673,5123,4966]} 1. d4 Nf6 2. c4 e6 3. Nf3 d5 4. Nc3 Be7 5. Bg5 h6 6. Bh4 O-O 7. e3 b6 8. Bd3 Bb7 9. O-O Nbd7 10. Bg3 c5 11. cxd5 {D58: Damengambit (Tartakower-Variante)} exd5 {LiveBook: 14 Partien} (11... Nxd5 12. Nxd5 Bxd5 13. Qe2 cxd4 14. Nxd4 Bf6 15. Rfd1 Bxd4 16. exd4 Nb8 17. Rac1 Nc6 18. Bb5 Rc8 19. Rc3 Ne7 20. Ba6 Rxc3 21. bxc3 Nf5 {½-½ (56) Nakamura,H (2798)-So,W (2788) Saint Louis 2015}) 12. Ne5 a6 $146 ({Vorgänger:} 12... Ne4 13. Bxe4 dxe4 14. Nc4 cxd4 15. exd4 Nf6 16. Rc1 Rc8 17. Ne5 Nd5 18. Qa4 {0-1 (49) Gauglitz,G (2480)-Blees,A (2345) Kecskemet 1987}) 13. Qf3 {Weiß steht etwas besser.} Re8 14. Rad1 (14. Nxf7 $2 Kxf7 15. Ne2 Nf8 $19) 14... Ra7 15. Rfe1 (15. Nxf7 Kxf7 16. Be5 Kg8 $17) 15... Nf8 {[#]} (15... Nxe5 $14 16. dxe5 (16. Bxe5 c4 $14) 16... d4) 16. e4 $1 $16 {[%cal Be3e4,Be4d5][%mdl 32]} Ne6 17. dxc5 Nd4 18. Qf4 {zielt auf cxb6 ab.} Ne6 {[#]} 19. Qc1 $1 Nxc5 20. Nxd5 (20. exd5 $18 Nxd3 21. Rxd3) 20... Nxd5 (20... Bxd5 $16 21. exd5 Bd6) 21. exd5 {Und Lb1 würde nun gewinnen.} Bd6 (21... Nxd3 $142 22. Rxd3 Bg5) 22. Bb1 $18 {Und weiter mit Dc2 wäre nett.} Bxe5 23. Rxe5 ({Finger weg von} 23. Bxe5 $6 Bxd5 24. Qc3 Rae7 $16) 23... Rxe5 24. Bxe5 f6 (24... Bxd5 $142 25. Qc2 g6) 25. Bd4 Qxd5 {[%csl Gb7][%cal Rd5g2]} 26. f3 Ra8 {[#]} 27. Bxf6 $1 {[%mdl 512]} Qe6 (27... gxf6 28. Rxd5) 28. Bc3 Bd5 $2 (28... Na4 29. Bxg7 Kxg7 30. Qc7+ Kf8 31. Qxb7 Re8) 29. Qc2 {Dh7+ ist eine echte Drohung.Weiß steht klar auf Gewinn.} Qe3+ 30. Kh1 {Schwarz muss nun Dh7+ beachten.} Qg5 {[#]} 31. f4 $1 {[%mdl 512]} Qxf4 32. Qh7+ {Precision: Weiß = 86%, Schwarz = 18%.} 1-0

[Event "World Junior U20 Girls 2018"]
[Site "Gebze"]
[Date "2018.09.07"]
[Round "4"]
[White "Antova, Gabriela"]
[Black "Ivana Maria, Furtado"]
[Result "1-0"]
[WhiteElo "2292"]
[BlackElo "2144"]
[Annotator "NA"]
[PlyCount "85"]
[EventDate "2018.09.05"]
[EventType "swiss"]
[EventCountry "TUR"]
[SourceTitle "playchess.com"]
[Source "ChessBase"]
[SourceQuality "1"]
[TimeControl "40/5400+30:1800+30"]

1. d4 {[%emt 0:00:30]} Nf6 {[%emt 0:01:30]} 2. c4 {[%emt 0:00:30]} e6 {[%emt 0:00:30]} 3. Nf3 {[%emt 0:00:00]} d5 {[%emt 0:00:30]} 4. Nc3 {[%emt 0:00:00]} Bb4 {[%emt 0:00:30]} 5. Bg5 {[%emt 0:00:30]} Nbd7 {[%emt 0:00:30]} 6. cxd5 {[%emt 0:00:30]} exd5 {[%emt 0:00:30]} 7. e3 {[%emt 0:00:30]} c5 {[%emt 0:00:30]} 8. Bd3 {[%emt 0:00:30]} Qa5 {[%emt 0:01:30]} 9. Qc2 {[%emt 0:00:30]} c4 {[%emt 0:00:30]} 10. Bf5 {[%emt 0:00:30]} g6 {[%emt 0:01:30]} 11. Bxd7+ {[%emt 0:01:30]} Nxd7 {[%emt 0:00:30]} 12. O-O {[%emt 0:01:30]} O-O {[%emt 0:06:30]} 13. a3 {[%emt 0:00:30]} Bxc3 {[%emt 0:01:30]} 14. bxc3 {[%emt 0:00:30]} Re8 {[%emt 0:00:30]} 15. Nd2 {[%emt 0:09:30]} Nb6 {[%emt 0:02:30] D38: Queen's Gambit Declined: Ragozin Defence (4 Nf3 Bb4)} 16. f3 {[%emt 0:00:30]} Bd7 {[%emt 0:17:30] LiveBook: 11 Games} 17. Bh6 {[%emt 0:02:30]} Qa4 $146 {[%emt 0:03:30]} ({Predecessor:} 17... Na4 18. Rfc1 Re6 19. Bf4 f5 20. Rab1 Bc6 21. Rb4 b5 22. Nf1 Qd8 23. Rcb1 {½-½ (38) Gonzales,J (2469)-Van Hoolandt,P (2231) Dresden 2008}) 18. Qb1 {[%emt 0:11:30]} Qa5 {[%emt 0:00:30]} 19. Qb4 {[%emt 0:03:30]} Qxb4 {[%emt 0:00:30]} 20. axb4 {[%emt 0:00:00]} Na4 {[%emt 0:08:30]} 21. Rac1 {[%emt 0:02:00]} Nb2 {[%emt 0:01:30]} 22. e4 {[%emt 0:03:30]} Nd3 {[%emt 0:10:30]} 23. exd5 $14 {[%emt 1:00:30]} Nxc1 {[%emt 0:08:30]} 24. Rxc1 {[%emt 0:00:30]} Bf5 {[%emt 0:00:30]} 25. Nxc4 {[%emt 0:00:00]} Rad8 {[%emt 0:01:30]} 26. Ne3 {[%emt 0:00:00]} b5 {[%emt 0:01:30]} 27. Bf4 {[%emt 0:00:00]} f6 {[%emt 0:05:30]} 28. h4 {[%emt 0:00:00]} Bd3 {[%emt 0:03:30]} 29. Kf2 {[%emt 0:00:00]} Kf7 {[%emt 0:01:42]} 30. Bc7 {[%emt 0:00:00]} Rd7 {[%emt 0:01:50]} 31. d6 {[%emt 0:00:00]} Rc8 {[%emt 0:04:16]} 32. Ke1 {[%emt 0:00:00]} Rcxc7 {[%emt 0:05:17]} 33. dxc7 {[%emt 0:00:00]} Rxc7 {[%emt 0:00:30]} 34. Kd2 {[%emt 0:00:00]} Bc4 {[%emt 0:00:50]} 35. Ra1 {[%emt 0:00:00]} Be6 {[%emt 0:01:14]} 36. Ra5 {[%emt 0:00:00]} Rb7 {[%emt 0:00:39]} 37. Kd3 {[%emt 0:00:00]} Bc8 {[%emt 0:02:39]} 38. d5 {[%emt 0:00:00]} Rc7 {[%emt 0:01:47]} 39. Kd4 {[%emt 0:00:00]} a6 {[%emt 0:00:12]} 40. c4 {[%emt 0:00:00]} bxc4 {[%emt 0:00:00]} 41. Rc5 {[%emt 0:00:00]} Rxc5 {[%emt 0:03:34]} 42. bxc5 {[%emt 0:00:00]} a5 {[%emt 0:01:30]} 43. Nxc4 {[%emt 0:00:00]} 1-0

[Event "World Junior U20 Girls 2018"]
[Site "Gebze"]
[Date "2018.09.07"]
[Round "4"]
[White "Sieber, Fiona"]
[Black "Celik, Eylul"]
[Result "1-0"]
[WhiteElo "2277"]
[BlackElo "2014"]
[Annotator "ChessBase"]
[PlyCount "103"]
[EventDate "2018.09.05"]
[EventType "swiss"]
[EventCountry "TUR"]
[SourceTitle "playchess.com"]
[Source "ChessBase"]
[SourceQuality "1"]
[TimeControl "40/5400+30:1800+30"]

1. e4 {[%emt 0:00:30]} c5 {[%emt 0:00:30]} 2. Nf3 {[%emt 0:00:00]} e6 {[%emt 0:00:30]} 3. d4 {[%emt 0:00:00]} cxd4 {[%emt 0:00:30]} 4. Nxd4 {[%emt 0:00:30]} Qb6 {[%emt 0:00:00]} 5. Nc3 {[%emt 0:01:30]} a6 {[%emt 0:00:00]} 6. Be2 {[%emt 0:04:30]} Qc7 {[%emt 0:04:30]} 7. a3 {[%emt 0:05:30]} Nf6 {[%emt 0:00:30]} 8. O-O {[%emt 0:00:30]} Be7 {[%emt 0:03:30]} 9. f4 {[%emt 0:06:30]} d6 {[%emt 0:00:30]} 10. Kh1 {[%emt 0:03:30]} Nbd7 {[%emt 0:06:30]} 11. Bf3 {[%emt 0:00:30]} Rb8 {[%emt 0:05:30]} 12. Qe1 {[%emt 0:06:30]} O-O {[%emt 0:06:30]} 13. g4 {[%emt 0:01:30]} Nb6 {[%emt 0:00:30]} 14. g5 {[%emt 0:02:30]} Ne8 {[%emt 0:02:30]} 15. Bg2 {[%emt 0:11:30]} e5 {[%emt 0:02:30]} 16. Nf5 {[%emt 0:01:30]} exf4 {[%emt 0:01:30]} 17. Bxf4 {[%emt 0:00:30]} Be6 {[%emt 0:02:30]} 18. Rd1 {[%emt 0:08:30]} g6 {[%emt 0:08:30]} 19. Nxe7+ {[%emt 0:04:30]} Qxe7 {[%emt 0:00:30]} 20. Qg3 {[%emt 0:00:30]} Rd8 {[%emt 0:08:30]} 21. b3 {[%emt 0:00:30]} Qc7 {[%emt 0:01:30]} 22. Rd2 {[%emt 0:03:30]} Rc8 {[%emt 0:05:30]} 23. Ne2 {[%emt 0:01:30]} Qc5 {[%emt 0:01:30]} 24. Be3 {[%emt 0:04:30]} Qc7 {[%emt 0:04:30]} 25. Rfd1 {[%emt 0:00:30]} Nd7 {[%emt 0:00:30]} 26. Bf4 {[%emt 0:03:30]} Ne5 {[%emt 0:02:30]} 27. c4 {[%emt 0:06:30]} Qc5 {[%emt 0:02:30]} 28. Bh3 {[%emt 0:06:21]} Ng7 {[%emt 0:06:30]} 29. Rxd6 {[%emt 0:00:30]} Nh5 {[%emt 0:04:09]} 30. Qc3 {[%emt 0:04:07]} Bxh3 {[%emt 0:04:09]} 31. Qxh3 {[%emt 0:02:08]} Qf2 {[%emt 0:03:10]} 32. Bxe5 {[%emt 0:01:15]} Qxe2 {[%emt 0:00:19]} 33. Qd3 {[%emt 0:00:25]} Qg4 {[%emt 0:06:48]} 34. Rg1 {[%emt 0:02:21]} Qh4 {[%emt 0:00:19]} 35. Bc3 {[%emt 0:02:41]} Rce8 {[%emt 0:03:31]} 36. e5 {[%emt 0:01:24]} Qf4 {[%emt 0:02:02]} 37. Rd5 {[%emt 0:02:23]} Qf2 {[%emt 0:01:28]} 38. Rg2 {[%emt 0:01:08]} Qb6 {[%emt 0:01:25]} 39. Bd4 {[%emt 0:01:13]} Qe6 {[%emt 0:00:22]} 40. Qf3 {[%emt 0:00:00]} Rd8 {[%emt 0:00:00]} 41. Rd2 {[%emt 0:06:04]} Qc6 {[%emt 0:02:48]} 42. Kg2 {[%emt 0:02:30]} Rxd5 {[%emt 0:03:30]} 43. cxd5 {[%emt 0:00:30]} Qxd5 {[%emt 0:00:30]} 44. Qxd5 {[%emt 0:00:30]} Nf4+ {[%emt 0:00:00]} 45. Kf3 {[%emt 0:00:30]} Nxd5 {[%emt 0:00:00]} 46. Bc5 {[%emt 0:00:30]} Rd8 {[%emt 0:00:00]} 47. Rd3 {[%emt 0:00:30]} f5 {[%emt 0:01:00]} 48. exf6 {[%emt 0:01:30]} b6 {[%emt 0:02:30]} 49. Be7 {[%emt 0:00:30]} Rd7 {[%emt 0:00:30]} 50. Ke4 {[%emt 0:00:30]} Rxe7+ {[%emt 0:00:00]} 51. fxe7 {[%emt 0:00:30]} Nxe7 {[%emt 0:00:00]} 52. Rd6 {[%emt 0:00:30]} 1-0

[Event "World Junior U20 Girls 2018"]
[Site "Gebze"]
[Date "2018.09.07"]
[Round "4"]
[White "Sliwicka, Alicja"]
[Black "Gorti, Akshita"]
[Result "1-0"]
[WhiteElo "2272"]
[BlackElo "2315"]
[Annotator "ChessBase"]
[PlyCount "89"]
[EventDate "2018.09.05"]
[EventType "swiss"]
[EventCountry "TUR"]
[SourceTitle "playchess.com"]
[Source "ChessBase"]
[SourceQuality "1"]
[TimeControl "40/5400+30:1800+30"]

1. e4 {[%emt 0:00:30]} e6 {[%emt 0:00:30]} 2. d4 {[%emt 0:00:00]} d5 {[%emt 0:00:30]} 3. Nc3 {[%emt 0:00:00]} Bb4 {[%emt 0:00:30]} 4. e5 {[%emt 0:00:00]} c5 {[%emt 0:00:00]} 5. Bd2 {[%emt 0:00:00]} Nh6 {[%emt 0:00:00]} 6. a3 {[%emt 0:00:30]} Bxc3 {[%emt 0:01:30]} 7. Bxc3 {[%emt 0:00:00]} b6 {[%emt 0:00:30]} 8. Bb5+ {[%emt 0:00:00]} Bd7 {[%emt 0:00:30]} 9. Bd3 {[%emt 0:00:00]} cxd4 {[%emt 0:05:30]} 10. Bxd4 {[%emt 0:05:00]} Nc6 {[%emt 0:00:30]} 11. Nf3 {[%emt 0:00:00]} Nxd4 {[%emt 0:09:30]} 12. Nxd4 {[%emt 0:00:00]} O-O {[%emt 0:00:30]} 13. O-O {[%emt 0:00:30]} f6 {[%emt 0:00:30]} 14. Qe2 {[%emt 0:08:30]} fxe5 {[%emt 0:18:30]} 15. Qxe5 {[%emt 0:00:30]} Ng4 {[%emt 0:05:30]} 16. Qd6 {[%emt 0:07:30]} Qb8 {[%emt 0:09:30]} 17. Qxb8 {[%emt 0:00:30]} Raxb8 {[%emt 0:00:00]} 18. f4 {[%emt 0:01:30]} Ne3 {[%emt 0:07:00]} 19. Rfe1 {[%emt 0:11:30]} Nc4 {[%emt 0:05:30]} 20. b3 {[%emt 0:02:30]} Na5 {[%emt 0:03:30]} 21. Nxe6 {[%emt 0:03:30]} Bxe6 {[%emt 0:01:30]} 22. Rxe6 {[%emt 0:00:30]} Rxf4 {[%emt 0:00:30]} 23. Rd6 {[%emt 0:02:30]} Rd4 {[%emt 0:05:30]} 24. b4 {[%emt 0:11:30]} Nb7 {[%emt 0:03:30]} 25. Rd7 {[%emt 0:05:30]} Nd8 {[%emt 0:03:03]} 26. Rxd5 {[%emt 0:05:30]} Rxd5 {[%emt 0:01:48]} 27. Bc4 {[%emt 0:00:30]} Kf8 {[%emt 0:00:11]} 28. Bxd5 {[%emt 0:00:00]} Ke7 {[%emt 0:00:27]} 29. Kf2 {[%emt 0:02:00]} Rc8 {[%emt 0:05:02]} 30. c4 {[%emt 0:00:30]} Nc6 {[%emt 0:00:41]} 31. Re1+ {[%emt 0:01:30]} Kf8 {[%emt 0:00:51]} 32. Re3 {[%emt 0:07:30]} Ne7 {[%emt 0:01:12]} 33. Be6 {[%emt 0:00:30]} Rc6 {[%emt 0:00:24]} 34. Ke2 {[%emt 0:00:30]} Rd6 {[%emt 0:02:10]} 35. Bh3 {[%emt 0:02:30]} Nc6 {[%emt 0:05:00]} 36. Rd3 {[%emt 0:03:30]} Rf6 {[%emt 0:04:24]} 37. Kd2 {[%emt 0:04:29]} Ne5 {[%emt 0:00:38]} 38. Rd4 {[%emt 0:01:02]} Rf2+ {[%emt 0:01:15]} 39. Kc3 {[%emt 0:01:53]} Ke7 {[%emt 0:00:36]} 40. c5 {[%emt 0:00:00]} bxc5 {[%emt 0:01:02]} 41. bxc5 {[%emt 0:08:06]} g5 {[%emt 0:08:46]} 42. Re4 {[%emt 0:07:30]} Kf6 {[%emt 0:01:30]} 43. c6 {[%emt 0:03:30]} Rf1 {[%emt 0:00:30]} 44. Kc2 {[%emt 0:02:30]} Rf2+ {[%emt 0:03:26]} 45. Kb3 {[%emt 0:00:30]} 1-0

[Event "World Junior U20 Girls 2018"]
[Site "Gebze"]
[Date "2018.09.07"]
[Round "4"]
[White "Diakonova, Ekaterina"]
[Black "Dwilewicz, Katarzyna"]
[Result "0-1"]
[WhiteElo "2243"]
[BlackElo "2081"]
[Annotator "NA"]
[PlyCount "78"]
[EventDate "2018.09.05"]
[EventType "swiss"]
[EventCountry "TUR"]
[SourceTitle "playchess.com"]
[Source "ChessBase"]
[SourceQuality "1"]
[TimeControl "40/5400+30:1800+30"]

1. e4 e5 2. Nc3 Nf6 3. g3 d5 4. exd5 Nxd5 5. Bg2 Nxc3 6. bxc3 Nc6 7. d3 Bc5 8. Nf3 O-O 9. O-O Bg4 {C47: Scotch Four Knights and Four Knights with 4 g3} 10. Re1 (10. h3 Bh5 11. Rb1 Bb6 12. g4 Bg6 13. Bg5 f6 14. Be3 e4 15. Nh4 exd3 16. Nxg6 hxg6 17. cxd3 Qd7 18. d4 {½-½ (84) Mamedov,R (2688)-Jakovenko,D (2704) Doha 2016}) 10... Re8 11. Be3 Bb6 12. Qc1 Qf6 $146 ({Predecessor:} 12... h6 13. Nd2 Be6 14. Nb3 Qd6 15. c4 Bxe3 16. Qxe3 Rad8 17. Qc5 {0-1 (45) Zwanzger,J (2222)-Grimberg,B (2307) Bayern 2016}) 13. Nd2 Qg6 14. Nc4 Bxe3 15. Nxe3 Be6 16. Rb1 Nd8 17. Bxb7 Nxb7 18. Rxb7 Bh3 19. Rxc7 f5 20. Qd1 Qd6 $16 21. Rc4 f4 22. Ng2 Qd5 23. Rce4 Bf5 24. Nxf4 Qxa2 25. Rxe5 Rxe5 26. Rxe5 Rb8 27. Qf3 Bd7 28. c4 Qa1+ 29. Re1 Qxe1+ 30. Kg2 Qe5 31. c3 Qf5 32. h4 a5 33. d4 Re8 34. Qd1 a4 35. c5 Qe4+ 36. Kh2 Rb8 37. Qh5 Rb1 38. f3 Qc2+ 39. Ng2 Qf5 0-1

[Event "World Junior U20 Girls 2018"]
[Site "Gebze"]
[Date "2018.09.07"]
[Round "4"]
[White "Maltsevskaya, Aleksandra"]
[Black "Tokhirjonova, Gulrukhbegim"]
[Result "1-0"]
[WhiteElo "2234"]
[BlackElo "2369"]
[Annotator "NA"]
[PlyCount "51"]
[EventDate "2018.09.05"]
[EventType "swiss"]
[EventCountry "TUR"]
[SourceTitle "playchess.com"]
[Source "ChessBase"]
[SourceQuality "1"]
[TimeControl "40/5400+30:1800+30"]

1. d4 {[%emt 0:00:30]} Nf6 {[%emt 0:04:30]} 2. c4 {[%emt 0:00:00]} e6 {[%emt 0:00:30]} 3. Nf3 {[%emt 0:00:00]} Bb4+ {[%emt 0:02:30]} 4. Nbd2 {[%emt 0:02:30]} O-O {[%emt 0:02:30]} 5. a3 {[%emt 0:00:30]} Be7 {[%emt 0:00:00]} 6. e4 {[%emt 0:00:30]} d6 {[%emt 0:02:00]} 7. Qc2 {[%emt 0:00:30]} Nbd7 {[%emt 0:02:30]} 8. b3 {[%emt 0:00:30]} c6 {[%emt 0:03:30]} 9. Bb2 {[%emt 0:00:00]} Qc7 {[%emt 0:00:30]} 10. g3 {[%emt 0:00:00]} e5 {[%emt 0:01:30]} 11. Bg2 {[%emt 0:00:30]} a5 {[%emt 0:00:30]} 12. O-O {[%emt 0:00:30]} Re8 {[%emt 0:00:30]} 13. c5 {[%emt 0:08:30]} exd4 {[%emt 0:12:30]} 14. cxd6 {[%emt 0:08:00]} Bxd6 {[%emt 0:00:30]} 15. Nxd4 {[%emt 0:02:30]} Bf8 {[%emt 0:05:30]} 16. Rae1 {[%emt 0:04:30]} Nc5 {[%emt 0:04:30]} 17. e5 $16 {[%emt 0:03:30]} Nfd7 {[%emt 0:06:30]} 18. Nc4 {[%emt 0:07:30]} Ne6 {[%emt 0:09:30]} 19. Nxe6 {[%emt 0:11:30]} Rxe6 {[%emt 0:01:30]} 20. f4 {[%emt 0:00:00]} b5 {[%emt 0:13:30]} 21. f5 {[%emt 0:04:00]} Rh6 {[%emt 0:00:30]} 22. Nd6 {[%emt 0:01:30]} Bxd6 {[%emt 0:11:38]} 23. exd6 {[%emt 0:00:30]} Rxd6 {[%emt 0:00:06]} 24. Re8+ {[%emt 0:03:30]} Nf8 {[%emt 0:00:08]} 25. Qc5 {[%emt 0:00:30]} f6 {[%emt 0:14:03]} 26. Bd5+ {[%emt 0:00:30]} 1-0